Silueta del Almirante de Castilla Don Alfonso Jofre de Tenorio / (Record no. 139033)

MARC details
000 -LEADER
campo de control de longitud fija 01153nam a2200289 i 4500
001 - NÚMERO DE CONTROL
campo de control 139033
003 - IDENTIFICADOR DE NÚMERO DE CONTROL
campo de control ES-MaACL
005 - FECHA Y HORA DE LA ÚLTIMA TRANSACCIÓN
campo de control 20260303141512.0
007 - CAMPO FIJO DE DESCRIPCIÓN FÍSICA--INFORMACIÓN GENERAL
campo de control de longitud fija t|
008 - DATOS DE LONGITUD FIJA--INFORMACIÓN GENERAL
campo de control de longitud fija 070214s1910 sp |||| |bspa d
080 ## - NÚMERO DE LA CLASIFICACIÓN DECIMAL UNIVERSAL
Número de la Clasificación Decimal Universal 355.49(460.18)"13"
080 ## - NÚMERO DE LA CLASIFICACIÓN DECIMAL UNIVERSAL
Número de la Clasificación Decimal Universal 355.49(460.18)"13"
080 ## - NÚMERO DE LA CLASIFICACIÓN DECIMAL UNIVERSAL
Número de la Clasificación Decimal Universal 94(460.18)"1312/50"
100 1# - ENTRADA PRINCIPAL--NOMBRE DE PERSONA
Nombre de persona Saralegui y Medina, Manuel de.
9 (RLIN) 103752
245 10 - MENCIÓN DEL TÍTULO
Título Silueta del Almirante de Castilla Don Alfonso Jofre de Tenorio /
Mención de responsabilidad, etc. Manuel de Saralegui y Medina ; prólogo del Excmo. Sr. D. Pedro de Novo y Colson.
260 ## - PUBLICACIÓN, DISTRIBUCIÓN, ETC.
Lugar de publicación, distribución, etc. Madrid :
Nombre del editor, distribuidor, etc. [s.n.],
Fecha de publicación, distribución, etc. 1910 (
Fabricante Hijos de M.G. Hernández)
300 ## - DESCRIPCIÓN FÍSICA
Extensión 132 p. ;
Dimensiones 19 cm.
530 ## - NOTA DISPONIBLE DE FORMULARIO FÍSICO ADICIONAL
Nota de formato físico adicional disponible Disponible en formato digital.
600 17 - PUNTO DE ACCESO ADICIONAL DE MATERIA--NOMBRE DE PERSONA
Nombre de persona Jofre Tenorio, Alfonso,
Fechas asociadas al nombre ?-1340
Fuente del encabezamiento o término
9 (RLIN) 150768
651 #4 - PUNTO DE ACCESO ADICIONAL DE MATERIA--NOMBRE GEOGRÁFICO
Nombre geográfico Castilla (Reino)-
Subdivisión general Historia-
Subdivisión cronológica 1312-1350, Alfonso XI.
9 (RLIN) 150769
651 #4 - PUNTO DE ACCESO ADICIONAL DE MATERIA--NOMBRE GEOGRÁFICO
Nombre geográfico Castilla (Reino)-
Subdivisión general Historia naval.
9 (RLIN) 150770
700 1# - ENTRADA AGREGADA--NOMBRE PERSONAL
Nombre de persona Novo y Colson, Pedro de,
Fechas asociadas al nombre 1846-1931
9 (RLIN) 86091
852 ## - LOCALIZACIÓN
Ubicación ES-MaACL
Número de control de estantería F-10517
Ubicación en estantería Sala Pecera Planta 2
856 4# - LOCALIZACIÓN Y ACCESO ELECTRÓNICOS
Identificador Uniforme de Recursos <a href="http://bnedigital.bne.es/bd/es/card?id=54ebad9f-5509-49c3-b0eb-9fccb8c2e17b">http://bnedigital.bne.es/bd/es/card?id=54ebad9f-5509-49c3-b0eb-9fccb8c2e17b</a>
Texto de enlace (Biblioteca Digital Hispánica)
942 ## - ELEMENTOS DE ENTRADA SECUNDARIOS (KOHA)
Fuente del sistema de clasificación o colocación Clasificación decimal universal
Holdings
Estatus retirado Estado de pérdida Estado de daño No para préstamo Colección Biblioteca de origen Biblioteca actual Ubicación en estantería Fecha de adquisición Fuente de adquisición Total de préstamos Signatura topográfica completa Código de barras Visto por última vez Precio de reemplazo Tipo de ítem Koha
        Colección digital Biblioteca del Ateneo de Madrid Biblioteca del Ateneo de Madrid Sala Pecera Planta 2 17/01/2008     F-10517 1144684 23/02/2023 23/02/2023 Libro impreso